[Event "Edmonton-ch"]
[Site "Edmonton"]
[Date "2010.01.14"]
[Round "1"]
[White "Wihnon, Jason"]
[Black "Rekhson, Vladislav"]
[Result "0-1"]
[WhiteElo "1934"]
[BlackElo "2210"]
[PlyCount "109"]
[EventDate "2010.01.07"]
[EventType "k.o."]
[EventRounds "2"]
[EventCountry "CAN"]
[SourceTitle "EXT 2011"]
[Source "ChessBase"]
[SourceDate "2010.11.26"]
[SourceVersion "1"]
[SourceVersionDate "2010.11.26"]
[SourceQuality "1"]

1. e4 c5 2. Nf3 d6 3. d4 cxd4 4. Qxd4 Nc6 5. Bb5 Bd7 6. Bxc6 Bxc6 7. Nc3 Nf6 8. Bg5 e6 9. 0-0-0 Be7 10. Kb1 h6 11. Bh4 0-0 12. Qd3 Rc8 13. Nd4 Qb6 14. f3 Rfe8 15. Bf2 Qc7 16. g4 Nd7 17. Ndb5 Bxb5 18. Nxb5 Qa5 19. Nxd6 Ne5 20. Qe2 Bxd6 21. Rxd6 Nc4 22. Rd4 b5 23. Rhd1 Rc6 24. Qd3 Ne5 25. Qb3 Rec8 26. Bg3 Nc4 27. Be1 Qc7 28. Bg3 Qb6 29. f4 a5 30. Qd3 b4 31. Rd8+ Kh7 32. e5+ g6 33. f5 exf5 34. gxf5 Rxd8 35. fxg6+ Rxg6 36. Qxd8 Qe6 37. Qd5 Ne3 38. Qxe6 Rxe6 39. Rd7 Kg6 40. Kc1 f6 41. exf6 Kxf6 42. Rd6 Rxd6 43. Bxd6 Nd5 44. Kd2 Ke6 45. Bf8 h5 46. Kd3 Kd7 47. Bh6 Kc6 48. c4 bxc3 49. bxc3 a4 50. Kd4 Kd6 51. a3 Nb6 52. c4 Kc6 53. Kc3 Kd6 54. Kb4 Nd7 55. Kxa4 0-1

[Event "Edmonton-ch Reserves"]
[Site "Edmonton"]
[Date "2009.01.29"]
[Round "4"]
[White "Mendryk, Wayne"]
[Black "Wihnon, Jason"]
[Result "0-1"]
[WhiteElo "1468"]
[BlackElo "1734"]
[PlyCount "28"]
[EventDate "2009.01.08"]
[EventType "swiss"]
[EventRounds "7"]
[EventCountry "CAN"]
[SourceTitle "EXT 2011"]
[Source "ChessBase"]
[SourceDate "2010.11.26"]
[SourceVersion "1"]
[SourceVersionDate "2010.11.26"]
[SourceQuality "1"]

1. e4 c5 2. Nf3 d6 3. d4 cxd4 4. Nxd4 Nf6 5. Nc3 g6 6. f3 Bg7 7. Be3 0-0 8. Qd2 Nc6 9. 0-0-0 Nxd4 10. Bxd4 Be6 11. g4 Qa5 12. Kb1 Rfc8 13. Bb5 Rxc3 14. Bxc3 Qxa2+ 0-1

[Event "Edmonton-ch"]
[Site "Edmonton"]
[Date "2009.01.08"]
[Round "1"]
[White "Wihnon, Jason"]
[Black "Gardner, Robert"]
[Result "0-1"]
[WhiteElo "1734"]
[BlackElo "2254"]
[PlyCount "94"]
[EventDate "2009.01.08"]
[EventType "k.o."]
[EventRounds "3"]
[EventCountry "CAN"]
[SourceTitle "EXT 2011"]
[Source "ChessBase"]
[SourceDate "2010.11.26"]
[SourceVersion "1"]
[SourceVersionDate "2010.11.26"]
[SourceQuality "1"]

1. e4 d6 2. d4 Nf6 3. Nc3 g6 4. Nf3 Bg7 5. Be2 0-0 6. 0-0 c6 7. h3 Qc7 8. Be3 Nbd7 9. Qd2 b5 10. Bd3 Re8 11. Bh6 Bh8 12. Rfe1 e5 13. dxe5 Nxe5 14. Nxe5 dxe5 15. Ne2 Bb7 16. Ng3 Rad8 17. Qe3 a6 18. Rad1 c5 19. c3 Rd7 20. Bc2 Red8 21. Rxd7 Rxd7 22. f3 Ne8 23. a4 Nd6 24. Rd1 f6 25. Qd2 Bc6 26. axb5 axb5 27. Qc1 Nf7 28. Be3 c4 29. Rxd7 Qxd7 30. Qa1 Bg7 31. Qd1 Qc7 32. Qa1 Nd6 33. Ne2 f5 34. Qa6 fxe4 35. fxe4 Nxe4 36. Bxe4 Bxe4 37. Qxb5 h6 38. Bb6 Qf7 39. Be3 Bd3 40. Ng3 h5 41. Qc6 e4 42. Nxe4 Qf1+ 43. Kh2 Be5+ 44. Ng3 Bxg3+ 45. Kxg3 Qe1+ 46. Bf2 Qe5+ 47. Kf3 Be2# 0-1

[Event "Edmonton Back To School op"]
[Site "Edmonton"]
[Date "2008.09.11"]
[Round "2"]
[White "Dean, Tim"]
[Black "Wihnon, Jason"]
[Result "1-0"]
[WhiteElo "1961"]
[BlackElo "1737"]
[PlyCount "65"]
[EventDate "2008.09.04"]
[EventType "swiss"]
[EventRounds "4"]
[EventCountry "CAN"]
[SourceTitle "EXT 2011"]
[Source "ChessBase"]
[SourceDate "2010.11.26"]
[SourceVersion "1"]
[SourceVersionDate "2010.11.26"]
[SourceQuality "1"]

1. e4 e5 2. Nf3 Nc6 3. Bb5 Nf6 4. 0-0 Nxe4 5. d4 Nd6 6. Bxc6 dxc6 7. dxe5 Nf5 8. Qxd8+ Kxd8 9. Nc3 Bb4 10. Bd2 Ke8 11. Rad1 Bd7 12. Ne4 Be7 13. Rfe1 h6 14. Nf6+ gxf6 15. exf6 Be6 16. fxe7 Kxe7 17. Bb4+ Nd6 18. Nd4 Kd7 19. Nxe6 fxe6 20. Re3 Raf8 21. Red3 Rd8 22. Bxd6 cxd6 23. Rxd6+ Ke7 24. Rxd8 Rxd8 25. Rxd8 Kxd8 26. f4 Ke7 27. g4 Kf6 28. h4 c5 29. Kf2 b5 30. Ke3 a5 31. b3 e5 32. g5+ hxg5 33. fxg5+ 1-0

[Event "Edmonton op"]
[Site "Edmonton"]
[Date "2008.07.17"]
[Round "3"]
[White "Pedersen, Rick"]
[Black "Wihnon, Jason"]
[Result "1-0"]
[WhiteElo "1865"]
[BlackElo "1737"]
[PlyCount "71"]
[EventDate "2008.07.03"]
[EventType "swiss"]
[EventRounds "5"]
[EventCountry "CAN"]
[SourceTitle "EXT 2011"]
[Source "ChessBase"]
[SourceDate "2010.11.26"]
[SourceVersion "1"]
[SourceVersionDate "2010.11.26"]
[SourceQuality "1"]

1. e4 e5 2. Nf3 Nc6 3. Bb5 f5 4. d3 Nf6 5. 0-0 Bc5 6. Bxc6 dxc6 7. Nxe5 fxe4 8. c3 Be6 9. Qe2 Qd5 10. d4 Bd6 11. Bf4 0-0 12. Nd2 Nd7 13. c4 Qxd4 14. Nb3 Qb6 15. Nxd7 Bxd7 16. c5 Bxc5 17. Qc4+ Kh8 18. Nxc5 Rxf4 19. Nxd7 Qxb2 20. Rab1 Qd2 21. Rbd1 Qb2 22. g3 e3 23. Qxf4 e2 24. Rd2 exf1Q+ 25. Kxf1 Qb5+ 26. Kg2 Qa5 27. Ne5 h6 28. Nf7+ Kh7 29. Qe4+ Kg8 30. Rd7 Qh5 31. Nd8 Qg5 32. h4 Qf6 33. Qc4+ Kh7 34. Ne6 Re8 35. Qd3+ Kh8 36. Rxg7 1-0

[Event "Edmonton Summer op"]
[Site "Edmonton"]
[Date "2008.06.19"]
[Round "3"]
[White "Sequillion, Aaron"]
[Black "Wihnon, Jason"]
[Result "1-0"]
[WhiteElo "1885"]
[BlackElo "1762"]
[PlyCount "107"]
[EventDate "2008.05.06"]
[EventType "swiss"]
[EventRounds "4"]
[EventCountry "CAN"]
[SourceTitle "EXT 2011"]
[Source "ChessBase"]
[SourceDate "2010.11.26"]
[SourceVersion "1"]
[SourceVersionDate "2010.11.26"]
[SourceQuality "1"]

1. d4 Nf6 2. c4 g6 3. Nc3 d5 4. cxd5 Nxd5 5. Bd2 Bg7 6. e4 Nb6 7. Be3 0-0 8. Qd2 Nc6 9. Rd1 Bd7 10. Nf3 Bg4 11. Be2 Bxf3 12. Bxf3 Nc4 13. Qe2 Nxe3 14. fxe3 e6 15. 0-0 Ne7 16. e5 c6 17. Ne4 Nc8 18. Nc5 Qc7 19. Bg4 Nb6 20. Ne4 Qe7 21. Nf6+ Kh8 22. e4 c5 23. Qf2 cxd4 24. Qh4 h6 25. Rf3 Qc5 26. Qg3 Bxf6 27. exf6 d3+ 28. Kh1 d2 29. Qf4 Qg5 30. Qg3 Nc4 31. h4 Qe5 32. b3 Qxg3 33. Rxg3 Ne5 34. Rxd2 Nxg4 35. Rxg4 Rfd8 36. Rxd8+ Rxd8 37. e5 b5 38. Rb4 Rd5 39. a4 a6 40. axb5 axb5 41. Re4 Kg8 42. Re3 Kf8 43. Rc3 Ke8 44. Rc8+ Kd7 45. Rf8 Rxe5 46. Rxf7+ Kd6 47. Rg7 g5 48. Rh7 gxh4 49. Rxh6 Rf5 50. Kh2 e5 51. f7+ Ke7 52. Rxh4 Rf4 53. Rxf4 exf4 54. Kh3 1-0

[Event "Edmonton Heritage op"]
[Site "Edmonton"]
[Date "2007.08.08"]
[Round "2"]
[White "Stark, Mark"]
[Black "Wihnon, Jason"]
[Result "1-0"]
[WhiteElo "2019"]
[BlackElo "1823"]
[PlyCount "67"]
[EventDate "2007.08.01"]
[EventType "swiss"]
[EventRounds "5"]
[EventCountry "CAN"]
[SourceTitle "EXT 2022"]
[Source "ChessBase"]
[SourceDate "2021.10.06"]
[SourceVersion "1"]
[SourceVersionDate "2021.10.06"]
[SourceQuality "1"]

1. c4 Nf6 2. g3 g6 3. Bg2 Bg7 4. Nc3 0-0 5. d3 d6 6. e4 c6 7. Nge2 a6 8. 0-0 b5 9. h3 b4 10. Na4 Bb7 11. c5 Nbd7 12. d4 Qa5 13. Be3 Rfd8 14. Qc2 Qc7 15. Rac1 dxc5 16. dxc5 e5 17. Rfd1 a5 18. Nb6 Rab8 19. Nc4 Ba6 20. Nd6 Bf8 21. Bf1 Ne8 22. Bg5 Nef6 23. Be3 Ne8 24. f3 Ndf6 25. Bg5 Kg7 26. b3 Nxd6 27. Bxf6+ Kxf6 28. cxd6 Bxd6 29. Qxc6 Qa7+ 30. Kg2 Rbc8 31. Rxd6+ Rxd6 32. Qxd6+ Kg7 33. Rxc8 Bxc8 34. Qxe5+ 1-0

[Event "Capablanca Memorial Classic"]
[Site "Edmonton "]
[Date "2007.03.10"]
[Round "2"]
[White "Pedersen, Rick"]
[Black "Wihnon, Jason"]
[Result "1-0"]
[WhiteElo "1967"]
[BlackElo "1862"]
[PlyCount "26"]
[EventDate "2007.03.01"]
[EventType "swiss"]
[EventRounds "5"]
[EventCountry "CAN"]
[SourceTitle "EXT 2008"]
[Source "ChessBase"]
[SourceDate "2007.11.25"]
[SourceVersion "1"]
[SourceVersionDate "2007.11.25"]
[SourceQuality "1"]

1. e4 c5 2. Nc3 e6 3. Nf3 Nc6 4. g3 d5 5. exd5 exd5 6. Bg2 Qe7+ 7. Qe2 Qxe2+ 8. Nxe2 Bd6 9. d4 h6 10. h3 Be6 11. c4 Bf4 12. Bxf4 g5 13. Be3 g4 1-0

[Event "Edmonton Christmas op"]
[Site "Edmonton"]
[Date "2006.12.21"]
[Round "3"]
[White "Wihnon, Jason"]
[Black "Mrugala, David"]
[Result "1-0"]
[WhiteElo "1845"]
[BlackElo "1970"]
[PlyCount "51"]
[EventDate "2006.12.07"]
[EventType "swiss"]
[EventRounds "4"]
[EventCountry "CAN"]
[SourceTitle "EXT 2022"]
[Source "ChessBase"]
[SourceDate "2021.10.06"]
[SourceVersion "1"]
[SourceVersionDate "2021.10.06"]
[SourceQuality "1"]

1. b3 d5 2. Bb2 Bf5 3. e3 e6 4. f4 Nf6 5. Nf3 Bd6 6. Be2 0-0 7. 0-0 c5 8. d3 Nc6 9. Ne5 Bxe5 10. fxe5 Nd7 11. d4 Nb4 12. Na3 Be4 13. Bf3 Bxf3 14. Rxf3 Qb6 15. c3 Nc6 16. Rh3 Ne7 17. Qh5 h6 18. Rf1 f6 19. Rg3 Nf5 20. Rxf5 exf5 21. Qxf5 cxd4 22. exd4 Qc6 23. e6 Nb6 24. Qg6 Qc7 25. Nb5 Qe7 26. Ba3 1-0

[Event "Edmonton Octob op"]
[Site "Edmonton"]
[Date "2005.10.29"]
[Round "2"]
[White "Laboucane, Randy"]
[Black "Wihnon, Jason"]
[Result "0-1"]
[WhiteElo "1608"]
[BlackElo "1717"]
[PlyCount "40"]
[EventDate "2005.10.28"]
[EventType "swiss"]
[EventRounds "5"]
[EventCountry "CAN"]
[SourceTitle "EXT 2008"]
[Source "ChessBase"]
[SourceDate "2007.11.25"]
[SourceVersion "1"]
[SourceVersionDate "2007.11.25"]
[SourceQuality "1"]

1. d4 Nf6 2. c4 g6 3. Nc3 d5 4. cxd5 Nxd5 5. Nxd5 Qxd5 6. e3 Bg7 7. Nf3 0-0 8. Qc2 Bf5 9. Qc3 Nc6 10. Bc4 Qd6 11. a3 e5 12. dxe5 Nxe5 13. Nxe5 Bxe5 14. Qb3 Rad8 15. f4 Bxb2 16. Bxb2 Qd2+ 17. Kf1 Bd3+ 18. Bxd3 Rxd3 19. Bc1 Qd1+ 20. Kf2 Qxb3 0-1

[Event "Canadian op"]
[Site "Edmonton"]
[Date "2005.07.10"]
[Round "3"]
[White "Wihnon, Jason"]
[Black "Olson, Hans"]
[Result "1/2-1/2"]
[WhiteElo "1723"]
[BlackElo "2002"]
[PlyCount "63"]
[EventDate "2005.07.09"]
[EventType "swiss"]
[EventRounds "10"]
[EventCountry "CAN"]
[SourceTitle "CBM 107 Extra"]
[Source "ChessBase"]
[SourceDate "2005.09.01"]
[SourceVersion "1"]
[SourceVersionDate "2005.09.01"]
[SourceQuality "1"]

1. e4 e5 2. Nf3 Nc6 3. Bb5 a6 4. Bxc6 dxc6 5. 0-0 Bg4 6. h3 h5 7. d3 Bxf3 8. Qxf3 Qd7 9. Nd2 f6 10. Nc4 0-0-0 11. Be3 Kb8 12. c3 g5 13. g4 hxg4 14. Qxg4 Qxg4+ 15. hxg4 Nh6 16. f3 Rxd3 17. Rad1 Rxd1 18. Rxd1 Kc8 19. Nd2 Nf7 20. Nf1 Be7 21. Ng3 Nd6 22. b3 b6 23. Kg2 c5 24. c4 c6 25. Nf5 Nxf5 26. exf5 Kc7 27. Bf2 Rd8 28. Rxd8 Bxd8 29. Kf1 Be7 30. Ke2 b5 31. Kd3 b4 32. Ke4 1/2-1/2

[Event "Edmonton CC Summer op"]
[Site "Edmonton"]
[Date "2004.07.23"]
[Round "4"]
[White "Wihnon, Jason"]
[Black "Dean, Tim"]
[Result "0-1"]
[WhiteElo "1710"]
[BlackElo "1859"]
[PlyCount "74"]
[EventDate "2004.07.??"]
[EventType "swiss"]
[EventRounds "5"]
[EventCountry "CAN"]
[SourceTitle "EXT 2006"]
[Source "ChessBase"]
[SourceDate "2005.11.24"]
[SourceVersion "1"]
[SourceVersionDate "2005.11.24"]
[SourceQuality "1"]

1. e4 e5 2. Nc3 Nf6 3. Bc4 Nxe4 4. Qh5 Nd6 5. Bb3 Nc6 6. Nb5 g6 7. Qf3 f5 8. Qd5 Qe7 9. Nxc7+ Kd8 10. Nxa8 b6 11. h4 Bg7 12. d3 Bb7 13. Bg5 Bf6 14. Bxf6 Qxf6 15. Nxb6 axb6 16. Qf3 Re8 17. 0-0-0 Nd4 18. Qg3 h6 19. f3 f4 20. Qf2 N6f5 21. c3 Ng3 22. Rh3 Ndf5 23. Re1 Nxh4 24. Rxh4 Qxh4 25. Qxb6+ Kc8 26. Qc5+ Bc6 27. Bf7 Nf5 28. Rxe5 Rxe5 29. Qxe5 Ne3 30. Kd2 Qf2+ 31. Ne2 Nxg2 32. d4 Qe1+ 33. Kd3 Qb1+ 34. Kc4 Qxb2 35. Kc5 Ne3 36. Nxf4 Qb5+ 37. Kd6 Nf5+ 0-1

[Event "Edmonton Sect March"]
[Site "Edmonton"]
[Date "2004.03.10"]
[Round "4"]
[White "Pua, Richard"]
[Black "Wihnon, Jason"]
[Result "1/2-1/2"]
[WhiteElo "1795"]
[BlackElo "1731"]
[PlyCount "106"]
[EventDate "2004.02.??"]
[EventType "swiss"]
[EventRounds "5"]
[EventCountry "CAN"]
[SourceTitle "EXT 2006"]
[Source "ChessBase"]
[SourceDate "2005.11.24"]
[SourceVersion "1"]
[SourceVersionDate "2005.11.24"]
[SourceQuality "1"]

1. d4 d5 2. c4 dxc4 3. Nf3 Nf6 4. Nc3 a6 5. a4 e6 6. e3 c5 7. Bxc4 Nc6 8. 0-0 Be7 9. d5 exd5 10. Nxd5 Nxd5 11. Qxd5 Qxd5 12. Bxd5 Nb4 13. Be4 f5 14. Bb1 Bf6 15. e4 0-0 16. e5 Be7 17. Re1 Be6 18. Bg5 Bxg5 19. Nxg5 Bb3 20. Ra3 h6 21. Rxb3 hxg5 22. e6 g6 23. e7 Rfe8 24. Rbe3 Rac8 25. g4 Kg7 26. gxf5 Nd5 27. Re5 Nf6 28. fxg6 Rc7 29. Kg2 Ng8 30. Kg3 Rcxe7 31. Rxe7+ Rxe7 32. Rxe7+ Nxe7 33. Kg4 Kf6 34. Bd3 b5 35. axb5 axb5 36. Kh5 c4 37. Bb1 Ng8 38. h4 gxh4 39. Kxh4 b4 40. Kh5 c3 41. bxc3 bxc3 42. Bc2 Kg7 43. Kg5 Nf6 44. f4 Nd5 45. Bb1 Nf6 46. Kf5 Nd5 47. Ke5 Ne3 48. f5 Ng4+ 49. Ke6 Nf6 50. Bc2 Ng4 51. Ke7 Nf6 52. Bb3 Ne4 53. Ba4 Nf6 1/2-1/2

[Event "Edmonton res op"]
[Site "Edmonton"]
[Date "2004.02.18"]
[Round "6"]
[White "Fokkema, Jerred"]
[Black "Wihnon, Jason"]
[Result "0-1"]
[WhiteElo "1499"]
[BlackElo "1739"]
[PlyCount "82"]
[EventDate "2004.02.??"]
[EventType "swiss"]
[EventRounds "9"]
[EventCountry "CAN"]
[SourceTitle "EXT 2006"]
[Source "ChessBase"]
[SourceDate "2005.11.24"]
[SourceVersion "1"]
[SourceVersionDate "2005.11.24"]
[SourceQuality "1"]

1. e4 c5 2. Nf3 d6 3. d4 cxd4 4. Nxd4 Nf6 5. Nc3 g6 6. Be3 Bg7 7. Bb5+ Bd7 8. Bxd7+ Nbxd7 9. 0-0 0-0 10. Ndb5 a6 11. Nd4 Rc8 12. Qd2 Ng4 13. Bg5 h6 14. Be3 Nxe3 15. Qxe3 Ne5 16. Rad1 Nc4 17. Qc1 Qb6 18. Nd5 Qd8 19. b3 Nb6 20. Nf3 Nxd5 21. Rxd5 Qc7 22. Rd2 h5 23. Qa3 Qc3 24. Rfd1 Bh6 25. Re2 Rc5 26. Rd3 Qg7 27. c4 Rfc8 28. Rd5 Rxd5 29. exd5 Bg5 30. Qb4 Bf6 31. Qxb7 Rc5 32. Qxa6 h4 33. h3 g5 34. b4 g4 35. hxg4 Qxg4 36. Re3 Rxc4 37. b5 h3 38. g3 Bd4 39. Nxd4 Qd1+ 40. Kh2 Qf1 41. Qa8+ Kh7 0-1

[Event "ECC Halloween op"]
[Site "Edmonton"]
[Date "2003.10.16"]
[Round "3"]
[White "Smith, Kevin"]
[Black "Wihnon, Jason"]
[Result "0-1"]
[WhiteElo "1652"]
[BlackElo "1760"]
[PlyCount "78"]
[EventDate "2003.10.02"]
[EventType "swiss"]
[EventRounds "5"]
[EventCountry "CAN"]
[SourceTitle "EXT 2017"]
[Source "ChessBase"]
[SourceDate "2016.10.25"]
[SourceVersion "1"]
[SourceVersionDate "2016.10.25"]
[SourceQuality "1"]

1. d4 Nf6 2. c4 g6 3. Nc3 Bg7 4. Nf3 0-0 5. e4 d6 6. Be3 e5 7. dxe5 dxe5 8. Qxd8 Rxd8 9. Bg5 Re8 10. Be2 c6 11. h3 Na6 12. 0-0-0 Nc5 13. Bxf6 Bxf6 14. Rd2 Bg7 15. Kc2 Bh6 16. Rdd1 Nxe4 17. Nxe4 Bf5 18. Bd3 Bxe4 19. Bxe4 f5 20. Bxf5 gxf5 21. Rhe1 e4 22. Nd4 Re5 23. Nxc6 bxc6 24. Rd6 Bg7 25. Rxc6 Rd8 26. Ra6 Rd7 27. b3 Kf7 28. Rd1 Ree7 29. Rxd7 Rxd7 30. Ra5 Kg6 31. g4 fxg4 32. hxg4 Rf7 33. Kd1 Bd4 34. Rf5 Rxf5 35. gxf5+ Kxf5 36. Ke2 h5 37. b4 a5 38. c5 axb4 39. c6 Bb6 0-1

[Event "ECC Halloween op"]
[Site "Edmonton"]
[Date "2003.10.02"]
[Round "1"]
[White "White, Daniel"]
[Black "Wihnon, Jason"]
[Result "0-1"]
[WhiteElo "1540"]
[BlackElo "1760"]
[PlyCount "42"]
[EventDate "2003.10.02"]
[EventType "swiss"]
[EventRounds "5"]
[EventCountry "CAN"]
[SourceTitle "EXT 2017"]
[Source "ChessBase"]
[SourceDate "2016.10.25"]
[SourceVersion "1"]
[SourceVersionDate "2016.10.25"]
[SourceQuality "1"]

1. Nf3 Nf6 2. c4 g6 3. d4 Bg7 4. Nc3 d5 5. g3 0-0 6. b3 dxc4 7. bxc4 c5 8. Be3 Ng4 9. Qd2 Nxe3 10. fxe3 cxd4 11. exd4 Nc6 12. e3 Bf5 13. Bd3 Bxd3 14. Qxd3 e5 15. Ne2 Re8 16. Qd2 exd4 17. Nfxd4 Nxd4 18. exd4 Bxd4 19. Qf4 Bxa1 20. 0-0 Qb6+ 21. Kh1 Qf6 0-1

[Event "Edmonton-ch"]
[Site "Edmonton"]
[Date "2003.01.16"]
[Round "2"]
[White "Gardner, Robert"]
[Black "Wihnon, Jason"]
[Result "1-0"]
[WhiteElo "2229"]
[BlackElo "1807"]
[PlyCount "51"]
[EventDate "2003.01.02"]
[EventType "k.o."]
[EventRounds "4"]
[EventCountry "CAN"]
[SourceTitle "EXT 2017"]
[Source "ChessBase"]
[SourceDate "2016.10.25"]
[SourceVersion "1"]
[SourceVersionDate "2016.10.25"]
[SourceQuality "1"]

1. Nf3 Nf6 2. c4 g6 3. d4 Bg7 4. Nc3 d5 5. g3 0-0 6. cxd5 Nxd5 7. Bg2 Nb6 8. 0-0 Na6 9. e4 c6 10. h3 Be6 11. b3 c5 12. Be3 cxd4 13. Nxd4 Qc8 14. Nxe6 Qxe6 15. Rc1 Rfd8 16. Qe2 Nb4 17. Nb5 Na6 18. e5 Nd5 19. Bd4 Nab4 20. Ba1 Nc6 21. Bxd5 Qxd5 22. Nc7 Qd7 23. Nxa8 Rxa8 24. e6 fxe6 25. Bxg7 Kxg7 26. Rfd1 1-0